| 000 | 00579nam a2200181Ia 4500 | ||
|---|---|---|---|
| 008 | 090123s9999 xx 000 0 und d | ||
| 082 | _b27687 | ||
| 100 | _aमाडगुळकर ग.दी. | ||
| 245 | _aकृष्णाची करंगळी | ||
| 250 | _a3 | ||
| 260 | _bरसिक साहित्य | ||
| 300 | _a138 | ||
| 600 | _aमाडगुळकर ग.दी. | ||
| 630 | _aकृष्णाची करंगळी | ||
| 700 | _aमाडगुळकर ग.दी. | ||
| 730 | _aकृष्णाची करंगळी | ||
| 942 | _cBOOK | ||
| 999 |
_c66042 _d66042 |
||